Estadísticas para Países del mundo en orden alfabético

Haz click aquí para intentar la prueba.

Estadísticas generales

  • Esta prueba ha sido intentada 3.730 veces
  • La puntuación promedio es 90 de 196

Estadísticas de respuestas

País% Correcto
Afganistán
91%
Albania
88%
Alemania
84%
Andorra
81%
Angola
79%
Argentina
79%
Antigua y Barbuda
77%
Australia
76%
Austria
74%
Argelia
73%
Armenia
71%
Azerbaiyán
71%
Bahamas
70%
Bolivia
69%
Barbados
68%
Bélgica
67%
Belice
66%
Brasil
66%
Arabia Saudita
65%
Canadá
64%
Dinamarca
63%
Bosnia y Herzegovina
62%
Colombia
62%
Bielorrusia
61%
Bangladés
60%
Baréin
60%
Benín
60%
Bulgaria
60%
Botsuana
59%
Burundi
59%
Bután
59%
Chile
59%
Dominica
59%
Ecuador
59%
Camerún
58%
Brunéi
57%
Camboya
57%
Finlandia
57%
Francia
57%
España
56%
Fiyi
56%
Estonia
55%
Honduras
55%
Burkina Faso
54%
China
54%
Corea del Norte
54%
Corea del Sur
54%
Cuba
54%
Jamaica
54%
Costa Rica
53%
El Salvador
53%
Eslovaquia
53%
Eslovenia
53%
Estados Unidos
53%
Guyana
53%
Kenia
53%
Cabo Verde
52%
Comoras
52%
Filipinas
52%
Gabón
52%
Haití
52%
Jordania
52%
Eritrea
51%
Gambia
51%
Guatemala
51%
Guinea
51%
Hungría
51%
Irlanda
51%
Islandia
51%
Kazajistán
51%
Kosovo
51%
Chad
50%
Croacia
50%
Etiopía
50%
Indonesia
50%
Islas Marshall
50%
Islas Salomón
50%
Kiribati
50%
Granada
49%
Grecia
49%
Irak
49%
Irán
49%
Kirguistán
49%
Catar
48%
Chipre
48%
Egipto
48%
Ghana
48%
Guinea Ecuatorial
48%
India
48%
Italia
48%
Japon
48%
Kuwait
48%
Laos
48%
Costa de Marfil
47%
Letonia
47%
Lituania
47%
Omán
46%
Liechtenstein
45%
Luxemburgo
45%
Georgia
44%
Guinea-Bisáu
44%
Israel
44%
Liberia
44%
Lesoto
43%
Líbano
43%
Libia
43%
Nauru
43%
Macedonia del Norte
42%
Nicaragua
42%
Emiratos Árabes Unidos
41%
Namibia
41%
Paraguay
41%
Perú
41%
Nueva Zelanda
40%
Palaos
40%
Venezuela
40%
Mali
39%
Níger
39%
Nigeria
39%
Uruguay
39%
Yemen
39%
Zambia
39%
Zimbabue
39%
Madagascar
38%
México
38%
Noruega
38%
Panamá
38%
Polonia
38%
Portugal
38%
Uganda
38%
Vanuatu
38%
Malaui
37%
Malta
37%
Mauritania
37%
Pakistán
37%
Vietnam
37%
Yibuti
37%
Micronesia, Estados Federados de
36%
Mónaco
36%
Nepal
36%
Papúa Nueva Guinea
36%
Ucrania
36%
Malasia
35%
Marruecos
35%
Mauricio
35%
Moldavia
35%
Montenegro
35%
Ruanda
35%
Rumania
35%
Samoa
35%
Uzbekistán
35%
Maldivas
34%
Mongolia
34%
Rusia
34%
Santa Lucía
34%
Tuvalu
34%
Vaticano, Ciudad del
34%
Mozambique
33%
Países Bajos
33%
San Cristóbal y Nieves
33%
San Marino
33%
Reino Unido
32%
República Dominicana
32%
San Vicente y las Granadinas
32%
Surinam
32%
Tanzania
32%
República Checa
31%
República del Congo
31%
Tailandia
31%
República Democrática del Congo
30%
Santo Tomé y Príncipe
30%
Senegal
30%
Serbia
30%
Tonga
30%
Trinidad y Tobago
30%
Myanmar
29%
República Centroafricana
29%
Suecia
29%
Suiza
29%
Tayikistán
29%
Somalia
28%
Sudán
28%
Taiwán
28%
Turkmenistán
28%
Seychelles
27%
Siria
27%
Sudáfrica
27%
Sudán del Sur
27%
Togo
27%
Singapur
26%
Turquía
26%
Sierra Leona
25%
Sri Lanka
25%
Suazilandia
25%
Timor Oriental
25%
Túnez
25%

Distribución de puntuación

Porcentaje por número respondido

Porcentaje de gente con cada puntuación

Historial de tus puntuaciones

No has intentado esta prueba.